El sacerdote ¿para qué? / (Record no. 55340)

MARC details
000 -LEADER
campo de control de longitud fija 00717nam a2200217 i 4500
001 - NÚMERO DE CONTROL
campo de control 55340
003 - IDENTIFICADOR DE NÚMERO DE CONTROL
campo de control ES-MaACL
005 - FECHA Y HORA DE LA ÚLTIMA TRANSACCIÓN
campo de control 20230906163126.0
007 - CAMPO FIJO DE DESCRIPCIÓN FÍSICA--INFORMACIÓN GENERAL
campo de control de longitud fija t|
008 - DATOS DE LONGITUD FIJA--INFORMACIÓN GENERAL
campo de control de longitud fija 030917s1965 sp ||||1| spa d
100 1# - ENTRADA PRINCIPAL--NOMBRE DE PERSONA
Nombre de persona Denis, Henri.
9 (RLIN) 43701
245 13 - MENCIÓN DEL TÍTULO
Título El sacerdote ¿para qué? /
Mención de responsabilidad, etc. Henri Denis , [traducción de José Alfonso Cabo y Miguel Román].
260 ## - PUBLICACIÓN, DISTRIBUCIÓN, ETC.
Lugar de publicación, distribución, etc. Madrid :
Nombre del editor, distribuidor, etc. ZYX,
Fecha de publicación, distribución, etc. [1965]
300 ## - DESCRIPCIÓN FÍSICA
Extensión 77 p. ;
Dimensiones 17 cm.
490 1# - MENCIÓN DE SERIE
Mención de serie Movimiento sacerdotal. Sección Maestro Avila ;
Designación de volumen o secuencia 11
700 1# - ENTRADA AGREGADA--NOMBRE PERSONAL
Nombre de persona Cabo, José Alfonso.
9 (RLIN) 33231
700 1# - ENTRADA AGREGADA--NOMBRE PERSONAL
Nombre de persona Román, Miguel.
9 (RLIN) 99219
830 0# - PUNTO DE ACCESO ADICIONAL DE SERIE-TÍTULO UNIFORME
Título uniforme Movimiento sacerdotal. Sección Maestro Avila ;
Designación de volumen o secuencia 11
9 (RLIN) 183818
852 ## - LOCALIZACIÓN
Ubicación ES-MaACL
Número de control de estantería C-28352
Sublocalización o colección R.57586
Holdings
Estatus retirado Estado de pérdida Estado de daño No para préstamo Biblioteca de origen Biblioteca actual Ubicación en estantería Fecha de adquisición Fuente de adquisición Total de préstamos Signatura topográfica completa Código de barras Visto por última vez Precio de reemplazo Tipo de ítem Koha
        Biblioteca del Ateneo de Madrid Biblioteca del Ateneo de Madrid Depósito 2 17/01/2008     C-28352 1058142 23/02/2023 23/02/2023 Libro impreso